• 首页
  • 本馆介绍
  • 公告通知
  • 最新文献
  • 馆藏检索
  • 电子资源
  • 读者导购
  • 参考咨询
  • 我的图书馆
  • 登录
  • 详细信息显示
  • 放入我的书架
  • 预约/预借图书
  • 作者相关作品
  • 分类相关作品
  • 丛书相关作品
  • 出版社相关作品

书目信息

  • 表格格式
  • 工作单格式
  • 卡片格式
题名:
移民与政治
    
 
作者: 王枫初 著 ;安延 , 刘敏 , 纪俊男 译
分册:  
出版信息: 北京   北京大学出版社  2016
页数: 302页
开本: 23cm
丛书名: 留学史丛书
单 册:
中图分类: K261.06
科图分类:
主题词: 留法勤工俭学--liu fa qin gong jian xue--中国--史料
电子资源:
ISBN: 978-7-301-27216-9
000 01418nam0 22003251 450
001 1738636541
005 20170627164706.0
010    @a978-7-301-27216-9@dCNY48.00
100    @a20161028d2016 em y0chiy50 ea
101 1  @achi@cfre
102    @aCN@b110000
105    @aa z 000yy
106    @ar
200 1  @a移民与政治@9yi min yu zheng zhi@e中国留法勤工俭学生(1919-1925)@f(法)王枫初(Nora Wang)著@g安延,刘敏,纪俊男译
210    @a北京@c北京大学出版社@d2016
215    @a302页@c照片,图@d23cm
225 2  @a留学史丛书@9liu xue shi cong shu
312    @a版权页法文题名:Emigration et politique: les etudiants-ouvriers chinois en france 1919-1925
330    @a本书内容包括:双重经历:界定与挑战;法国系列;留学生还是移民劳工?;政治活动:从抵达法国到“攻击”里昂(1920-1921年);政治行动:1922-1925年;移居国外与20世纪中国的变革等。
461  0 @12001 @a留学史丛书
510 1  @aEmigration et politique@eles etudiants-ouvriers chinois en france 1919-1925@zfre
517 1  @a中国留法勤工俭学生(1919-1925)@9zhong guo liu fa qin gong jian xue sheng (1919-1925)
606 0  @a留法勤工俭学@9liu fa qin gong jian xue@y中国@j史料
690    @aK261.06@v5
701  0 @c(法)@a王枫初@9wang feng chu@c(Wang, Nora)@4著
702  0 @a安延@9an yan@4译
702  0 @a刘敏@9liu min@c(女,教育)@4译
702  0 @a纪俊男@9ji juan nan@4译
801  0 @aCN@bTANGWEI@c20170626
905    @b1016666-71@dK261.06@e141@f6
    
    移民与政治:中国留法勤工俭学生(1919-1925)/(法)王枫初(Nora Wang)著/安延,刘敏,纪俊男译 .-北京:北京大学出版社,2016
    302页:照片,图;23cm.-(留学史丛书)
    
    
    ISBN 978-7-301-27216-9:CNY48.00
    本书内容包括:双重经历:界定与挑战;法国系列;留学生还是移民劳工?;政治活动:从抵达法国到“攻击”里昂(1920-1921年);政治行动:1922-1925年;移居国外与20世纪中国的变革等。
●
相关链接 在E读中查询图书 在五车中查询图书 在当当中查询图书 在豆瓣中查询图书


正题名:移民与政治     索取号:K261.06/141         预约/预借

序号 登录号 条形码 馆藏地/架位号 状态 备注
1 1016666   210166666   第二样本阅览室/ [索取号:K261.06/141] 在馆    
2 1016667   210166675   教育系资料室/ [索取号:K261.06/141] 在馆    
3 1016668   210166684   教育系资料室/ [索取号:K261.06/141] 在馆    
4 1016669   210166693   教育系资料室/ [索取号:K261.06/141] 在馆    
5 1016670   210166700   第二借阅区/ [索取号:K261.06/141] 在馆    
6 1016671   210166719   第二借阅区/ [索取号:K261.06/141] 在馆    
唐山师范学院图书馆 欢迎您!
大连网信软件有限公司© 版权所有